| 000 | 01476nam a2200313 i 4500 | ||
|---|---|---|---|
| 001 | 000047748 | ||
| 003 | DO-SdBNP | ||
| 005 | 20251128081747.0 | ||
| 007 | ta | ||
| 008 | 100203s2004 dr a 000 0 spa d | ||
| 040 |
_aDO-SdBNP _bspa _cBNPHU _erda |
||
| 041 | _aspa | ||
| 082 |
_a317.7293 _bR426d, 2004 _222 |
||
| 245 | 1 | 0 |
_aRepública Dominicana en cifras 2004 / _cpresentación Pablo Tactuk. |
| 264 |
_aSanto Domingo : _bONE, _c2004. |
||
| 300 |
_a317 páginas : _bilustraciones mapa. ; _c28 cm. |
||
| 336 |
_ardacontent _btexto _2txt |
||
| 337 |
_ardamedia _bsin mediación _2n |
||
| 338 |
_ardacarrier _bvolumen _2nc |
||
| 505 | 0 |
_aPresentación -- _tSimbología -- _tDatos Generales e históricos de la República Dominicana -- _tSituación física -- _tSituación demográfica -- _tEstadísticas vitales -- _tBalanzas de pagos -- _tCuentas nacionales -- _tFinanzas públicas -- _tBanca -- _tPrecios -- _tSituación social -- _tServicio de salud -- _tTrabajo y salario -- _tAccidente de tránsito -- _tSituación cultural -- _tOtros aspectos culturales -- _tSituación política , administración y justicia -- _tJusticia. |
|
| 590 | _aInventariado, 2018/VM | ||
| 651 | 4 |
_aRepública Dominicana _xEstadísticas _935550 |
|
| 651 | 4 |
_aRepública Dominicana _xEstadística _97827 |
|
| 651 | 4 |
_aRepública Dominicana _xPoblación _975350 |
|
| 700 |
_aTactuk, Pablo _95774 |
||
| 710 | 1 |
_aRepública Dominicana. _bOficina Nacional de Estadística _95775 |
|
| 910 | _aVM | ||
| 942 |
_2ddc _cLBS1 |
||
| 999 |
_c47236 _d47236 |
||